000 00662 a2200205 4500
010 _aENG-88796
020 _c160.00
_a818218021X
035 _aEN-72329
037 _bDBAD / PUB
082 1 4 _a346.07
090 _c9408
_d9408
100 1 _aDagar, Inderjeet
245 1 _aBusiness law /
_cby Inderjeet Dagar [and] Anurag Agnihotri
260 _aNew Delhi
_bGalgotia Publishing Co.
_c2008
270 _a6A/4, W.E.A. Karol Bagh,
_bNew Delhi
_e110 005
300 _a598p.
_c25cm (pbk)
700 _aAgnihotri, Anurag
942 _adpl
_cEN
_k346.07 / DAG
999 _c9237
_d9237